Anatomy - Brain Region Functions - Statistics

General Stats
  • This quiz has been taken 234 times
  • The average score is 5 of 10
Answer Stats
Hint Answer % Correct
Motor action, problem solving, higher thinking Frontal lobe
89%
Vision Occipital lobe
82%
Hearing Temporal lobe
72%
Somatosensation Parietal lobe
64%
Autonomic function, endocrine and temperature regulation Hypothalamus
57%
Relay sensory and motor information to cerebral cortex Thalamus
57%
Houses cranial nerves, responsible for respiratory drive Pons
28%
Autonomic function Medulla oblongata
17%
Houses pineal gland (sleep/wake cycle regulation) Epithalamus
13%
Auditory and visual process, motor control Midbrain
13%
No matching quizzes found
Score Distribution
Percent of People with Each Score
Percentile by Number Answered
Your Score History
You have not taken this quiz